Band Names by Synonym #2 - Statistics

General Stats
  • This quiz has been taken 40,203 times
  • The average score is 11 of 20
Answer Stats
Synonyms Band Name % Correct
Soil, Breeze & Blaze Earth, Wind & Fire
90%
SMOOCH KISS
87%
Fury Against the Apparatus Rage Against the Machine
78%
Numbering Ravens Counting Crows
77%
Hysteria! at the Nightclub Panic! at the Disco
76%
Voyage Journey
73%
Rubbish Garbage
70%
Profound Violet Deep Purple
69%
Shrubbery Bush
61%
23 Centimeter Pegs 9 Inch Nails
56%
Destroying Gourds Smashing Pumpkins
56%
The Velour Subway The Velvet Underground
52%
Rotation Physicians Spin Doctors
49%
James Consume Planet Jimmy Eat World
46%
Regina Queen
44%
Steel Moth Iron Butterfly
43%
Guided Dirigible Led Zeppelin
32%
Flesh Marionettes Meat Puppets
28%
Crazy Buffoon Mob Insane Clown Posse
25%
Bison Bouncepasture Buffalo Springfield
23%
No matching quizzes found
Score Distribution
Percent of People with Each Score
Percentile by Number Answered
Your Score History
You have not taken this quiz